[Event "GCT 2024 Croazia - Rapid"]
[Site "Zagabria"]
[Date "04.07.2025"]
[Round "8R"]
[White "Saric, Ivan"]
[Black "Gukesh, Dommaraju"]
[Result "1/2-1/2"]
[WhiteTitle "GM"]
[BlackTitle "GM"]
[WhiteElo "2661"]
[BlackElo "2776"]
[WhiteFideId "14508150"]
[BlackFideId "46616543"]
[EventDate "2025.07.02"]

1. e4 e5 2. Nf3 Nc6 3. Bb5 a6 4. Ba4 Nf6 5. O-O Be7 6. Re1 b5 7. Bb3 O-O 8. c3
d5 9. exd5 Nxd5 10. Nxe5 Nxe5 11. Rxe5 Bb7 12. Qf3 Bd6 13. Bxd5 c6 14. Re1 cxd5
15. d4 Qc7 16. g3 Rfe8 17. Rxe8+ Rxe8 18. Be3 b4 19. a3 bxa3 20. Nxa3 Qb6 21. b4
Qc6 22. Bd2 a5 23. Nc2 a4 24. Na3 Qd7 25. Re1 Rxe1+ 26. Bxe1 h6 27. h4 Bf8 28.
Bd2 Ba6 29. Kg2 Qe6 30. Qe3 Qf5 31. Qe8 Bc8 32. Bf4 Bd7 33. Qe2 g5 34. hxg5 hxg5
35. Bb8 g4 36. Bf4 Qh7 37. f3 Bf5 38. Kg1 Qg6 39. fxg4 Be4 40. Kf2 Qh7 41. Ke1
Bd3 42. Qe5 Qh1+ 43. Kd2 Bg6 44. Qe1 Qg2+ 45. Qe2 Qh1 46. Qe1 Qh3 47. g5 Be4 48.
Kc1 Qg2 49. Qd2 Qf1+ 50. Kb2 Be7 51. Qh2 Qd1 52. Nc2 Qd3 53. Be5 Bh7 54. g6 Qxg6
55. Na3 Qd3 56. Qc2 Qa6 57. Qd1 Bg6 58. Qd2 Qf1 59. Qh2 f6 60. Bf4 Qd1 61. Nc2
Qd3 62. Qd2 Qc4 63. Na1 Kf7 64. Qc1 Bd3 65. Qd2 Bf8 66. Ka3 Be4 67. Kb2 Qa6 68.
Nc2 Qc4 69. Na1 Ke6 70. Ka3 Qf1 71. Qc1 Qd3 72. Kxa4 Qa6+ 73. Kb3 Qc4+ 74. Kb2
Qe2+ 75. Qd2 Qf1 76. Nc2 Kf7 77. Na3 Be7 78. Qc1 Qe2+ 79. Qd2 Qf1 80. Nc2 Bf8
81. Qe1 Qd3 82. Qd2 Qf1 83. Qe1 Qd3 84. Qd2 Qf1 1/2-1/2

[Event "GCT 2024 Croazia - Rapid"]
[Site "Zagabria"]
[Date "04.07.2025"]
[Round "8R"]
[White "Abdusattorov, Nodirbek"]
[Black "Carlsen, Magnus"]
[Result "1/2-1/2"]
[WhiteTitle "GM"]
[BlackTitle "GM"]
[WhiteElo "2767"]
[BlackElo "2837"]
[WhiteFideId "14204118"]
[BlackFideId "1503014"]
[EventDate "2025.07.02"]

1. e4 e5 2. Nf3 Nc6 3. Bc4 Nf6 4. d3 Bc5 5. c3 d6 6. O-O h6 7. b4 Bb6 8. a4 a6
9. Re1 O-O 10. h3 Ne7 11. Nbd2 Ng6 12. d4 Re8 13. Bd3 c6 14. Nc4 Bc7 15. dxe5
dxe5 16. Qc2 Be6 17. Bf1 b5 18. Ne3 Qc8 19. c4 bxa4 20. Rxa4 a5 21. b5 Bb6 22.
c5 cxb5 23. Bxb5 Bxc5 24. Bxe8 Qxe8 25. Bd2 Rc8 26. Qd1 Bd7 27. Rxa5 Nxe4 28.
Qb1 Bc6 29. Rc1 Nf4 30. Raxc5 Nxc5 31. Rxc5 Bxf3 32. Rxc8 Qxc8 33. gxf3 Qxh3 34.
Qb8+ Kh7 35. Qb1+ Kg8 36. Qb8+ Kh7 37. Qb1+ Kg8 38. Qb8+ 1/2-1/2

[Event "GCT 2024 Croazia - Rapid"]
[Site "Zagabria"]
[Date "04.07.2025"]
[Round "8R"]
[White "So, Wesley"]
[Black "Praggnanandhaa, Rameshbabu"]
[Result "1/2-1/2"]
[WhiteTitle "GM"]
[BlackTitle "GM"]
[WhiteElo "2745"]
[BlackElo "2767"]
[WhiteFideId "5202213"]
[BlackFideId "25059530"]
[EventDate "2025.07.02"]

1. e4 c5 2. Nf3 g6 3. d4 cxd4 4. Nxd4 Bg7 5. c4 Qb6 6. Nb5 a6 7. Be3 Qd8 8. Nd4
d6 9. Nc3 Nf6 10. f3 Nc6 11. Qd2 Nxd4 12. Bxd4 Be6 13. Be2 Qa5 14. a3 O-O 15. b4
Qc7 16. Rc1 Rfc8 17. O-O Nd7 18. Bxg7 Kxg7 19. f4 Qb6+ 20. Kh1 Nf6 21. c5 dxc5
22. Na4 Qd8 23. Qxd8 Rxd8 24. Nxc5 Rd2 25. Bf3 Ra2 26. Rfd1 Rxa3 27. e5 Nh5 28.
Rd4 Bc8 29. Kg1 Ra7 30. Kf2 b6 31. Ne4 Rd7 32. Nd6 exd6 33. Rxc8 Ra2+ 34. Kf1
Ra1+ 35. Kf2 Ra2+ 36. Kf1 Ra1+ 37. Kf2 Ra2+ 1/2-1/2

[Event "GCT 2024 Croazia - Rapid"]
[Site "Zagabria"]
[Date "04.07.2025"]
[Round "9R"]
[White "Gukesh, Dommaraju"]
[Black "So, Wesley"]
[Result "1-0"]
[WhiteTitle "GM"]
[BlackTitle "GM"]
[WhiteElo "2776"]
[BlackElo "2745"]
[WhiteFideId "46616543"]
[BlackFideId "5202213"]
[EventDate "2025.07.02"]

1. Nf3 d5 2. b3 c5 3. e3 a6 4. c4 d4 5. Ba3 Qb6 6. g3 Nc6 7. Bg2 Bg4 8. h3 Bh5
9. O-O dxe3 10. dxe3 e6 11. Nc3 Be7 12. Qe2 f5 13. Qc2 Nf6 14. Ng5 Nd8 15. Ne2
h6 16. Nf3 Qc6 17. Nh4 Qc7 18. Nf4 g5 19. Nxh5 gxh4 20. Bb2 Rf8 21. Nf4 Rg8 22.
gxh4 e5 23. Ne2 e4 24. Ng3 Nc6 25. Nxf5 O-O-O 26. Bxf6 Bxf6 27. Rad1 Qe5 28.
Nxh6 Rxg2+ 29. Kxg2 Rh8 30. Rd5 Qe6 31. Ng4 Bxh4 32. f3 exf3+ 33. Rxf3 Kb8 34.
Qf5 Qe7 35. Qf7 Qe4 36. Qf4+ 1-0

[Event "GCT 2024 Croazia - Rapid"]
[Site "Zagabria"]
[Date "04.07.2025"]
[Round "9R"]
[White "Firouzja, Alireza"]
[Black "Abdusattorov, Nodirbek"]
[Result "1/2-1/2"]
[WhiteTitle "GM"]
[BlackTitle "GM"]
[WhiteElo "2766"]
[BlackElo "2767"]
[WhiteFideId "12573981"]
[BlackFideId "14204118"]
[EventDate "2025.07.02"]

1. e4 e5 2. Nf3 Nc6 3. Bc4 Nf6 4. d3 Bc5 5. c3 a6 6. Bg5 d6 7. Nbd2 Ba7 8. a4
O-O 9. h3 Kh8 10. Bh4 Ne7 11. Bxf6 gxf6 12. d4 c6 13. dxe5 dxe5 14. Qe2 b5 15.
Bb3 Rb8 16. g3 b4 17. Kf1 bxc3 18. bxc3 Ng6 19. h4 h5 20. Kg2 Rg8 21. Kh2 Qd7
22. Ng1 Kg7 23. Ra2 Rd8 24. Bc4 f5 25. Kg2 f4 26. Qxh5 fxg3 27. fxg3 Be3 28. Nf1
Qa7 29. Nxe3 Qxe3 30. Qf3 Qxf3+ 31. Nxf3 f6 32. Rf2 Nf8 33. Rhf1 Be6 34. Bxe6
Nxe6 35. Nh2 Rb3 36. Ng4 Rxc3 37. Rxf6 Rd2+ 38. R1f2 Rxf2+ 39. Rxf2 Nc5 40. Nf6
Re3 41. h5 Nxe4 42. h6+ Kg6 43. h7 Kg7 44. Nxe4 Rxe4 45. Rf7+ Kh8 46. Rc7 Rxa4
47. Rxc6 Kxh7 48. Re6 e4 49. Kf2 a5 50. Ke3 Ra1 51. Rxe4 Re1+ 52. Kd3 Rxe4 53.
Kxe4 Kg6 54. Kd3 Kg5 55. Kc4 Kg4 56. Kb5 Kxg3 57. Kxa5 1/2-1/2

[Event "GCT 2024 Croazia - Rapid"]
[Site "Zagabria"]
[Date "04.07.2025"]
[Round "9R"]
[White "Carlsen, Magnus"]
[Black "Giri, Anish"]
[Result "1/2-1/2"]
[WhiteTitle "GM"]
[BlackTitle "GM"]
[WhiteElo "2837"]
[BlackElo "2748"]
[WhiteFideId "1503014"]
[BlackFideId "24116068"]
[EventDate "2025.07.02"]

1. Nc3 d5 2. d4 Nf6 3. Bf4 c5 4. e3 cxd4 5. exd4 a6 6. Bd3 Nc6 7. Nce2 Bg4 8. c3
e6 9. Qd2 Bh5 10. Ng3 Bg6 11. Bxg6 hxg6 12. Nf3 Bd6 13. h3 Nh5 14. Nxh5 Rxh5 15.
Bxd6 Qxd6 16. O-O f6 17. Rae1 Kf7 18. Re3 Re8 19. Rfe1 e5 20. g4 Rhh8 21. dxe5
Nxe5 22. Qe2 Nxf3+ 23. Qxf3 Rxe3 24. Rxe3 b5 25. Rd3 Rd8 26. Rd4 g5 27. Kg2 Qc6
28. Qd3 Re8 29. Kf1 Re5 30. Qd1 Qe6 31. a4 Qc6 32. Qb3 Kg6 33. axb5 axb5 34. Qd1
Kh7 35. Kg2 Kh6 36. Qh1 g6 37. Qd1 Kg7 38. Qa1 Qb7 39. Qa3 Re2 40. Kf1 Re4 41.
Qd6 Re5 42. Kg2 Re2 43. Rd3 Kf7 44. Rf3 Re6 45. Qc5 Kg7 46. Qd4 Qd7 47. Rd3 Re5
48. Rd1 Qc6 49. Ra1 Kh6 50. Qb4 Re8 51. Kg1 f5 52. gxf5 gxf5 53. Qd4 Qe6 54. Rd1
f4 55. Kh2 Qe5 56. Qxe5 Rxe5 57. Kg2 Re2 58. b3 Rb2 59. b4 Rc2 60. Rxd5 Rxc3 61.
Rxb5 Rb3 62. Rb8 Kg6 63. b5 Kf5 64. b6 Kg6 65. b7 Kg7 66. Kf1 Rb2 67. Ke1 Kh7
68. Kd1 Kg7 69. Kc1 Rb6 70. Kc2 Rb5 71. Kc3 Rb1 72. Kc4 Rb2 73. Kd5 Rb1 74. Ke4
Rb3 75. Kf5 Rb5+ 76. Kg4 Kh7 77. f3 Kg7 78. Kh5 Kh7 79. Rf8 Rxb7 80. Kxg5 Kg7
81. Rxf4 Rb5+ 82. Rf5 Rb1 83. Ra5 Rg1+ 84. Kf4 Rh1 85. Rg5+ Kh6 86. Rg8 Kh7 87.
Rg3 Ra1 88. Kg5 Ra5+ 89. Kg4 Kg6 90. Kf4+ Kh6 91. Rg1 Ra4+ 92. Kg3 Ra2 93. Rb1
Ra4 94. Rb6+ Kh5 95. Rb5+ Kg6 96. Rb1 Kh6 97. f4 Ra2 98. Kg4 Rg2+ 99. Kf5 Ra2
100. Rb6+ Kg7 101. Rg6+ Kh7 102. Rg3 Ra5+ 103. Kg4 Kg6 104. Rb3 Ra1 105. Rb6+
Kg7 106. h4 Rg1+ 107. Kf5 Ra1 108. Rg6+ Kh7 109. Re6 Kg7 110. Re7+ Kh6 111. Re6+
Kg7 112. Re3 Ra5+ 113. Kg4 Ra1 114. Rb3 Kh6 115. Rb6+ Kg7 116. h5 Rg1+ 117. Kf5
Ra1 118. Rg6+ Kh7 119. Re6 Kg7 120. Rg6+ Kh7 121. Kf6 Ra6+ 122. Kg5 Ra1 123. f5
Rg1+ 124. Kf6 Ra1 125. Rg2 Kh6 126. Re2 Ra6+ 127. Re6 Ra7 128. Re7 Ra6+ 129. Kf7
Kg5 130. Kg7 Kxf5 131. Rb7 Kg5 132. Rb5+ Kg4 133. h6 Ra7+ 1/2-1/2

[Event "GCT 2024 Croazia - Rapid"]
[Site "Zagabria"]
[Date "04.07.2025"]
[Round "9R"]
[White "Praggnanandhaa, Rameshbabu"]
[Black "Duda, Jan-Krzysztof"]
[Result "1/2-1/2"]
[WhiteTitle "GM"]
[BlackTitle "GM"]
[WhiteElo "2767"]
[BlackElo "2725"]
[WhiteFideId "25059530"]
[BlackFideId "1170546"]
[EventDate "2025.07.02"]

1. d4 d5 2. Nf3 Nf6 3. e3 e6 4. Bd3 c5 5. b3 cxd4 6. exd4 Bb4+ 7. c3 Be7 8. O-O
O-O 9. Bb2 b6 10. c4 Bb7 11. Nbd2 Nbd7 12. Qe2 Rc8 13. Rac1 Rc7 14. Ne5 dxc4 15.
bxc4 Nxe5 16. dxe5 Nd7 17. Ne4 Bxe4 18. Bxe4 Nc5 19. Bc2 Rd7 20. Rcd1 Rxd1 21.
Rxd1 Qc7 22. h4 Rd8 23. h5 Rxd1+ 24. Qxd1 Qd8 25. Qxd8+ Bxd8 26. Ba3 Be7 27. g3
g6 28. hxg6 hxg6 29. Kg2 Kf8 30. f4 Nb7 31. Bb2 Na5 32. Bd3 Bc5 33. Kf3 Nc6 34.
Ke4 Ne7 35. g4 Ng8 36. Bc2 Nh6 37. Kf3 Kg7 38. Bc3 Kg8 39. Be1 Kf8 40. Be4 Ba3
41. Bc2 Bc5 42. Bd1 Ng8 43. Ke4 f5+ 44. exf6 Nxf6+ 45. Kf3 Kf7 46. Bc3 Bd6 47.
Ba4 Ke7 48. Bd4 Nd7 49. Be3 Nc5 50. Bc2 Kf7 51. Ke2 Nd7 52. Kd3 Nc5+ 53. Kc3 a5
54. Kd2 Bc7 55. Ke2 Bd6 56. Kf3 Bc7 57. Bf2 Bd6 58. Bh4 Bc7 59. Ke3 Nd7 60. Ba4
Nc5 61. Bd1 Nb7 62. Bc2 Nc5 63. Bg5 Nb7 64. Kd4 Nc5 65. Ke3 Nb7 66. Bh4 Nc5 67.
Kf3 Nb7 68. Bf2 Nc5 69. Bg3 Bd8 70. Be1 Bc7 71. Bh4 Nd7 72. Ke3 Nc5 73. f5 gxf5
74. gxf5 Bh2 75. Kf3 Bg1 76. Kf4 Bh2+ 77. Kg5 Be5 78. Kg4 Bd4 79. Bd8 Nb7 80.
Bc7 Ke7 81. Bg3 Nd6 82. fxe6 Kxe6 83. Bd3 Kd7 84. Kf3 Kc6 85. Bh4 Kd7 86. Ke2
Kc6 87. Kd2 Kd7 88. Be2 Kc6 89. Kd3 Bc5 90. Bf3+ Kc7 91. Bd5 Kd7 92. Ke2 Kc7 93.
Be1 Bb4 94. Bg3 Kd7 95. Be5 b5 96. cxb5 Nxb5 97. Kd3 Nd6 98. Kc2 Kc7 99. Kb3 Kd7
100. Ka4 Kc7 101. Bd4 Bd2 102. Bc5 Be1 103. a3 Bd2 104. Kb3 Nb5 105. Kc4 Nxa3+
106. Bxa3 Bb4 107. Bxb4 axb4 108. Kxb4 1/2-1/2

[Event "GCT 2024 Croazia - Rapid"]
[Site "Zagabria"]
[Date "04.07.2025"]
[Round "9R"]
[White "Caruana, Fabiano"]
[Black "Saric, Ivan"]
[Result "1-0"]
[WhiteTitle "GM"]
[BlackTitle "GM"]
[WhiteElo "2777"]
[BlackElo "2661"]
[WhiteFideId "2020009"]
[BlackFideId "14508150"]
[EventDate "2025.07.02"]

1. d4 Nf6 2. c4 g6 3. Nc3 Bg7 4. e4 d6 5. h3 e5 6. d5 a5 7. Bg5 Na6 8. Bd3 O-O
9. Nge2 c6 10. f3 Bd7 11. Qd2 Nb4 12. a3 Nxd3+ 13. Qxd3 h6 14. Bh4 Qb6 15. Bf2
Qa6 16. a4 cxd5 17. exd5 Rac8 18. b3 e4 19. fxe4 Nxe4 20. Nxe4 Bxa1 21. Bd4 Bxd4
22. Qxd4 Bxa4 23. Nf6+ Kh8 24. Ne8+ f6 25. Nxf6 Rf7 26. O-O Rg7 27. Qh4 Qb6+ 28.
Kh2 Qe3 29. Nf4 Rh7 30. Nxg6+ Kg7 31. Nh5+ 1-0

[Event "GCT 2024 Croazia - Blitz"]
[Site "Zagabria"]
[Date "05.07.2025"]
[Round "1B"]
[White "Saric, Ivan"]
[Black "Praggnanandhaa, Rameshbabu"]
[Result "1/2-1/2"]
[WhiteTitle "GM"]
[BlackTitle "GM"]
[WhiteElo "2661"]
[BlackElo "2779"]
[WhiteFideId "14508150"]
[BlackFideId "25059530"]
[EventDate "2025.07.05"]

1. e4 e5 2. Nf3 Nc6 3. d4 exd4 4. Nxd4 Nf6 5. Nxc6 bxc6 6. Bd3 d6 7. O-O g6 8.
b3 Bg7 9. Bb2 O-O 10. Nd2 Re8 11. Rb1 a5 12. a4 Nd7 13. Bxg7 Kxg7 14. f4 Nc5 15.
Qf3 Qf6 16. Kh1 Ba6 17. Bxa6 Rxa6 18. Rbe1 Qd4 19. f5 Rf8 20. Nc4 d5 21. f6+ Kh8
22. exd5 cxd5 23. Rd1 Qh4 24. g3 Qh3 25. Qxd5 Ne6 26. Ne5 Rd6 27. Qg2 Qh5 28.
Rxd6 cxd6 29. Nd3 Qg4 30. Qf3 Qd4 31. Nf4 Qxf6 32. Nxe6 Qxe6 33. c4 Kg8 34. Rd1
Re8 35. Kg2 Qe5 36. Rd2 Re6 37. Qd5 Qe1 38. Rf2 Kg7 39. Qd4+ Qe5 40. Qd3 h5 41.
h4 Re7 42. Qf3 Kg8 43. Qa8+ Kh7 44. Qf3 Kg7 45. Qd3 Re6 46. Qf3 Rf6 47. Qxf6+
Qxf6 48. Rxf6 Kxf6 49. Kf3 Ke5 50. Ke3 d5 51. c5 d4+ 52. Kd3 Kd5 53. c6 Kxc6 54.
Kxd4 f6 55. Kc4 g5 56. b4 axb4 57. Kxb4 Kb6 58. Kc4 Ka5 59. Kd4 Kxa4 60. Ke4 Kb5
61. Kf5 gxh4 62. gxh4 Kc6 63. Kxf6 Kd6 64. Kg6 Ke6 65. Kxh5 Kf7 66. Kg4 Kg6 67.
h5+ Kh6 68. Kf4 Kxh5 1/2-1/2

[Event "GCT 2024 Croazia - Blitz"]
[Site "Zagabria"]
[Date "05.07.2025"]
[Round "1B"]
[White "Giri, Anish"]
[Black "Carlsen, Magnus"]
[Result "1/2-1/2"]
[WhiteTitle "GM"]
[BlackTitle "GM"]
[WhiteElo "2748"]
[BlackElo "2839"]
[WhiteFideId "24116068"]
[BlackFideId "1503014"]
[EventDate "2025.07.05"]

1. d4 d5 2. c4 e6 3. Nf3 Nf6 4. Nc3 c6 5. e3 Nbd7 6. Bd3 dxc4 7. Bxc4 b5 8. Bd3
Bb7 9. a3 Bd6 10. O-O O-O 11. Qc2 h6 12. h3 Re8 13. Rd1 Qe7 14. e4 e5 15. Be3 a6
16. dxe5 Nxe5 17. Nxe5 Bxe5 18. Ne2 c5 19. Bxc5 Qc7 20. f3 Bxb2 21. Qxb2 Qxc5+
22. Qd4 Qe7 23. Qb4 Rad8 24. Qxe7 Rxe7 25. Kf2 Nd7 26. Bc2 Rc8 27. Nd4 Nc5 28.
Nf5 Rec7 29. Nd6 Rd8 30. e5 Kf8 31. Rac1 Ne6 32. Bb3 Rdd7 33. Nxb7 Rxb7 34. Rxd7
Rxd7 35. Bxe6 fxe6 36. Rc8+ Kf7 37. Ra8 g5 38. Rxa6 Rd2+ 39. Kg3 Rd5 40. Ra5 Kg6
41. a4 bxa4 42. Rxa4 Rxe5 43. h4 Re2 44. hxg5 hxg5 45. Ra6 Kf6 46. Rb6 Kg6 47.
Ra6 Kf6 48. Rb6 Kg6 49. Ra6 Kf6 1/2-1/2

[Event "GCT 2024 Croazia - Blitz"]
[Site "Zagabria"]
[Date "05.07.2025"]
[Round "1B"]
[White "Firouzja, Alireza"]
[Black "Duda, Jan-Krzysztof"]
[Result "1-0"]
[WhiteTitle "GM"]
[BlackTitle "GM"]
[WhiteElo "2766"]
[BlackElo "2725"]
[WhiteFideId "12573981"]
[BlackFideId "1170546"]
[EventDate "2025.07.05"]

1. e4 e5 2. Nf3 Nc6 3. Bc4 Bc5 4. c3 Nf6 5. d3 a5 6. Bg5 h6 7. Bh4 Be7 8. Bg3 d6
9. a4 O-O 10. Nbd2 g6 11. h3 Nh5 12. Bh2 Bg5 13. Nf1 Kg7 14. h4 Be7 15. Ne3 Nf6
16. Qb3 Rb8 17. O-O-O Ng4 18. Bg3 Nxe3 19. fxe3 Bf6 20. d4 Qe7 21. Nd2 h5 22.
Rdf1 Bg4 23. Rf2 Nd8 24. Kb1 c6 25. Qb6 Ne6 26. Nf3 Nc7 27. Rhf1 exd4 28. Ng5
Be6 29. Rxf6 Bxc4 30. Bxd6 Qd7 31. Qxd4 1-0

[Event "GCT 2024 Croazia - Blitz"]
[Site "Zagabria"]
[Date "05.07.2025"]
[Round "1B"]
[White "Caruana, Fabiano"]
[Black "Abdusattorov, Nodirbek"]
[Result "1-0"]
[WhiteTitle "GM"]
[BlackTitle "GM"]
[WhiteElo "2784"]
[BlackElo "2771"]
[WhiteFideId "2020009"]
[BlackFideId "14204118"]
[EventDate "2025.07.05"]

1. e4 c5 2. Nf3 e6 3. d3 Nc6 4. g3 e5 5. Bg2 Nf6 6. O-O Be7 7. Re1 O-O 8. c3 Re8
9. d4 cxd4 10. cxd4 Bb4 11. Nc3 d6 12. h3 h6 13. a3 Bxc3 14. bxc3 b6 15. a4 Ba6
16. Nh4 Rc8 17. Nf5 exd4 18. cxd4 Ne7 19. Nh4 d5 20. e5 Ne4 21. Qg4 Rc6 22. Ba3
Bc8 23. Qh5 Ng6 24. Nf5 Bxf5 25. Qxf5 Rc4 26. Rad1 Rxa4 27. Bxe4 Rxa3 28. Bg2
Nf8 29. Qc2 Qd7 30. Qb2 Ra4 31. Qb3 Rc4 32. f4 b5 33. Qf3 Ne6 34. Qf2 b4 35. h4
b3 36. f5 Nf8 37. Qf3 b2 38. Qxd5 Qxd5 39. Bxd5 Rb4 40. Ba2 Ra4 41. Bb1 Nd7 42.
e6 fxe6 43. fxe6 Nf6 44. d5 Ra3 45. d6 Rxg3+ 46. Kh2 Rc3 47. d7 Nxd7 48. exd7 1-0

[Event "GCT 2024 Croazia - Blitz"]
[Site "Zagabria"]
[Date "05.07.2025"]
[Round "1B"]
[White "Gukesh, Dommaraju"]
[Black "So, Wesley"]
[Result "0-1"]
[WhiteTitle "GM"]
[BlackTitle "GM"]
[WhiteElo "2776"]
[BlackElo "2745"]
[WhiteFideId "46616543"]
[BlackFideId "5202213"]
[EventDate "2025.07.05"]

1. Nf3 d5 2. g3 c5 3. Bg2 Nc6 4. d4 e6 5. O-O Nf6 6. c4 dxc4 7. Be3 Ng4 8. Bg5
f6 9. h3 Nxf2 10. Rxf2 fxg5 11. Qa4 Bd7 12. Qxc4 cxd4 13. Nbd2 Be7 14. Nxd4 Nxd4
15. Qxd4 Bf6 16. Qb4 Qb6 17. Qxb6 axb6 18. Nc4 b5 19. Nb6 Rd8 20. Nxd7 Rxd7 21.
Rf3 Rd2 22. Rb3 Rxe2 23. Rxb5 O-O 24. Rxb7 Bxb2 25. Rd1 Be5 26. Bf1 Rxa2 27. Bc4
Ra3 28. Bxe6+ Kh8 29. Rb3 Rxb3 30. Bxb3 Bxg3 31. Rd7 g6 32. Kg2 Be5 33. Bd5 Rc8
34. Be6 Rc6 35. Bd5 Rc2+ 36. Kf1 Rd2 37. Be6 Rb2 38. Bd5 Rb8 39. Be6 Re8 40. Bd5
Bf6 41. Rf7 Be7 42. Bc6 Rc8 43. Be4 Rc7 44. Bd5 Rc5 45. Be6 Rc7 46. Kg2 h5 47.
Bd5 Rc2+ 48. Kf1 Rc1+ 49. Kg2 Re1 50. Bc4 Re3 51. Rf3 Re5 52. Rf7 Re3 53. Rf3
Re4 54. Bd3 Re6 55. Bc4 Rc6 56. Bb3 Bf6 57. Rd3 Rb6 58. Bf7 Kg7 59. Rd7 Bb2 60.
Bc4+ Kf6 61. Rf7+ Ke5 62. Bd3 Bd4 63. Re7+ Kf6 64. Rd7 Ke5 65. Rg7 Rb2+ 66. Kh1
Rb3 67. Bxg6 Rxh3+ 68. Kg2 Rh4 69. Rh7 Rg4+ 70. Kh3 Kf4 71. Rf7+ Ke3 72. Bxh5
Rh4+ 73. Kg3 Be5+ 0-1

[Event "GCT 2024 Croazia - Blitz"]
[Site "Zagabria"]
[Date "05.07.2025"]
[Round "2B"]
[White "Carlsen, Magnus"]
[Black "Firouzja, Alireza"]
[Result "1-0"]
[WhiteTitle "GM"]
[BlackTitle "GM"]
[WhiteElo "2839"]
[BlackElo "2766"]
[WhiteFideId "1503014"]
[BlackFideId "12573981"]
[EventDate "2025.07.05"]

1. Nc3 d5 2. d4 Nf6 3. Bf4 e6 4. Nb5 Bb4+ 5. c3 Ba5 6. e3 O-O 7. Nf3 Nbd7 8. a4
a6 9. b4 axb5 10. axb5 Bxb4 11. cxb4 Rxa1 12. Qxa1 Nb6 13. Bd3 Bd7 14. Ne5 Ne4
15. O-O Nd6 16. Qb1 h6 17. Nxd7 Qxd7 18. Qd1 Ra8 19. Qg4 f5 20. Qg6 Ra3 21. Be2
Ra2 22. Bh5 Nbc4 23. Bxh6 Nd2 24. Rc1 N2e4 25. b6 cxb6 26. Bf4 Nc4 27. Bg3 Nf6
28. Be5 Nxh5 29. Qxh5 b5 30. h3 Qf7 31. Qg5 Ra4 32. Rb1 Ra8 33. Kh2 Ra2 34. Qg3
Kh7 35. Qh4+ Kg8 36. Rc1 Qg6 37. Qd8+ Kh7 38. Qe7 Kg8 39. Qd8+ Kh7 40. Rg1 Rc2
41. Ra1 Nxe5 42. dxe5 Qh6 43. Ra8 Rxf2 44. Qg8+ Kg6 45. Qxe6+ Kh5 46. Qxh6+ 1-0

[Event "GCT 2024 Croazia - Blitz"]
[Site "Zagabria"]
[Date "05.07.2025"]
[Round "2B"]
[White "Duda, Jan-Krzysztof"]
[Black "Caruana, Fabiano"]
[Result "1-0"]
[WhiteTitle "GM"]
[BlackTitle "GM"]
[WhiteElo "2725"]
[BlackElo "2784"]
[WhiteFideId "1170546"]
[BlackFideId "2020009"]
[EventDate "2025.07.05"]

1. c4 e5 2. Nc3 Bb4 3. Nd5 Be7 4. d4 d6 5. g3 Nf6 6. Nxe7 Qxe7 7. d5 O-O 8. Bg2
c6 9. dxc6 Nxc6 10. b3 Bf5 11. Nf3 h6 12. O-O Rfd8 13. Ba3 Qe6 14. Qe1 e4 15.
Nh4 Bh7 16. Bh1 d5 17. cxd5 Nxd5 18. Rc1 Rd7 19. Bb2 Rad8 20. Rc5 f6 21. Qc1
Nde7 22. Ng2 Nd5 23. a3 Bf5 24. b4 a6 25. h4 Bg4 26. Re1 Kh8 27. Ba1 Qe7 28.
Rxd5 Rxd5 29. Ne3 Qe6 30. Nxd5 Rxd5 31. Qe3 Bf5 32. Rc1 Bg6 33. Bg2 Kh7 34. Kh2
Bf5 35. Bb2 Rd7 36. Rc5 Ne7 37. a4 b6 38. Rc1 Nd5 39. Qb3 Qe7 40. b5 axb5 41.
Qxb5 Bg6 42. e3 Qf7 43. Bd4 Rd6 44. Rc6 Qe6 45. Rxd6 Qxd6 46. Qb3 Qc6 47. Bf1 h5
48. Bc4 Bf7 49. Bxb6 Qe6 50. a5 Qf5 51. Kg1 Be6 52. Bxd5 Bxd5 53. Qd1 Bc4 54.
Kg2 Ba6 55. Bc7 Bc8 56. Kg1 Ba6 57. Bb6 Bc4 58. Qc2 Qe6 59. Bd4 Bd3 60. Qd1 Qf5
61. Bc3 Qb5 62. Qa1 Qa6 63. Qa4 Qe6 64. Qa1 Qh3 65. Qd1 Qf5 66. Kg2 Qb5 67. Qa1
Qc6 68. Kg1 Be2 69. Bd4 Qe6 70. Kh2 Qf5 71. Qe1 Qg4 72. Bb6 Ba6 73. Bd4 Bc8 74.
Qf1 Qe6 75. Kg1 Ba6 76. Qd1 Qd5 77. Qe1 Qf5 78. Bc3 Qf3 79. Qc1 Bc8 80. Qf1 Qf5
81. a6 Qd7 82. Bd4 Qa4 83. a7 Qc6 84. Qa1 Bb7 85. Qd1 Bc8 86. Qxh5+ Kg8 87. Qc5
Qb7 88. Qb6 1-0

[Event "GCT 2024 Croazia - Blitz"]
[Site "Zagabria"]
[Date "05.07.2025"]
[Round "2B"]
[White "Praggnanandhaa, Rameshbabu"]
[Black "So, Wesley"]
[Result "1-0"]
[WhiteTitle "GM"]
[BlackTitle "GM"]
[WhiteElo "2779"]
[BlackElo "2745"]
[WhiteFideId "25059530"]
[BlackFideId "5202213"]
[EventDate "2025.07.05"]

1. b3 Nf6 2. Bb2 g6 3. Nf3 Bg7 4. g3 O-O 5. Bg2 d6 6. d4 e5 7. dxe5 Ng4 8. O-O
Nc6 9. c4 dxe5 10. h3 Nh6 11. Qc1 f5 12. Rd1 Qe8 13. Nc3 e4 14. Ne1 Be6 15. Nc2
Rd8 16. Nd5 Bxb2 17. Qxb2 Bxd5 18. cxd5 Qe5 19. Qc1 f4 20. gxf4 Rxf4 21. dxc6
Rdf8 22. cxb7 Nf5 23. Ne3 Rxf2 24. Nxf5 Qxf5 25. Qc4+ Kg7 26. Qd4+ Kg8 27. b8=Q 1-0

[Event "GCT 2024 Croazia - Blitz"]
[Site "Zagabria"]
[Date "05.07.2025"]
[Round "2B"]
[White "Saric, Ivan"]
[Black "Giri, Anish"]
[Result "1/2-1/2"]
[WhiteTitle "GM"]
[BlackTitle "GM"]
[WhiteElo "2661"]
[BlackElo "2748"]
[WhiteFideId "14508150"]
[BlackFideId "24116068"]
[EventDate "2025.07.05"]

1. e4 e5 2. Nf3 Nc6 3. d4 exd4 4. Nxd4 Nf6 5. Nxc6 bxc6 6. Bd3 d5 7. exd5 cxd5
8. O-O Be7 9. c4 d4 10. Nd2 O-O 11. Ne4 Rb8 12. Nxf6+ Bxf6 13. b3 Re8 14. Bd2
Be7 15. Re1 c5 16. Qf3 g6 17. Re2 Bb7 18. Qg3 Qd7 19. Rae1 Bf8 20. h4 Rxe2 21.
Rxe2 Re8 22. Rxe8 Qxe8 23. f3 h5 24. Qc7 Qc8 25. Bf4 Qxc7 26. Bxc7 Be7 27. Bb8
a6 28. Bg3 f5 29. Be1 Kf7 30. Kf1 Bd8 31. Ke2 a5 32. g3 Bc6 33. f4 Ke6 34. a4
Kd6 35. Bd2 Ke6 36. Be1 Kd6 37. Bd2 Ke6 38. Be1 1/2-1/2

[Event "GCT 2024 Croazia - Blitz"]
[Site "Zagabria"]
[Date "05.07.2025"]
[Round "2B"]
[White "Abdusattorov, Nodirbek"]
[Black "Gukesh, Dommaraju"]
[Result "1-0"]
[WhiteTitle "GM"]
[BlackTitle "GM"]
[WhiteElo "2771"]
[BlackElo "2776"]
[WhiteFideId "14204118"]
[BlackFideId "46616543"]
[EventDate "2025.07.05"]

1. e4 e5 2. Nf3 Nc6 3. Bc4 Bc5 4. c3 Nf6 5. d3 a6 6. O-O Ba7 7. Re1 d6 8. a4 O-O
9. h3 h6 10. a5 b5 11. axb6 cxb6 12. d4 b5 13. Bf1 Re8 14. d5 Ne7 15. Be3 Bxe3
16. Rxe3 Rb8 17. Nbd2 Nh7 18. c4 bxc4 19. Nxc4 f5 20. Qa4 Nf6 21. Nfd2 fxe4 22.
Nxe4 Nxe4 23. Rxe4 Rf8 24. Qa5 Rb5 25. Qxd8 Rxd8 26. f4 Rxd5 27. fxe5 dxe5 28.
Nxe5 Rd2 29. Nc4 R2d7 30. Nb6 Bb7 31. Nxd7 Bxe4 32. Nc5 Bc6 33. Nxa6 Rd2 34. b4
Rb2 35. Rc1 Kf8 36. Rc5 Rb1 37. b5 Be4 38. Kf2 Nf5 39. Re5 Rb2+ 40. Be2 Bd3 41.
Nc5 Rxe2+ 42. Rxe2 Bxb5 43. Re5 Nd6 44. Nb7 Nxb7 45. Rxb5 Nd6 46. Rd5 Ke7 47.
Kf3 Ke6 48. Ra5 Nf5 49. Kf4 Ne7 50. Ra6+ Kf7 51. h4 Nd5+ 52. Ke5 Nf6 53. Kf5 g6+
54. Ke5 Nd7+ 55. Kd6 Nf8 56. Ra3 Nh7 57. Rf3+ Kg7 58. Ke7 h5 59. g3 g5 60. Ke6
Kg6 61. Rf7 Kh6 62. Kf5 1-0